Rolle der interkulturellen Kompetenz und des Kulturlernens in multinationalen Unternehmen

Na minha lista:
Detalhes bibliográficos
Autor principal: Helmová, Milena, 1954-
Formato: Capítulo de Livro
Idioma:alemão
Assuntos:
Tags: Adicionar Tag
Sem tags, seja o primeiro a adicionar uma tag!

MARC

LEADER 00000naa$a2200000$$$4500
001 0224971
005 20240502083600.5
041 0 |a ger 
044 |a RU 
245 1 0 |a Rolle der interkulturellen Kompetenz und des Kulturlernens in multinationalen Unternehmen  |c Milena Helmová 
610 2 0 |a kompetencie 
610 2 0 |a komunikácia interkultúrna 
610 2 0 |a vzdelávanie 
610 2 0 |a korporácie transnacionálne 
610 2 0 |a vedomosti 
610 2 0 |a jazyky cudzie 
610 2 0 |a kultúra 
610 2 0 |a globalizácia 
100 1 |a Helmová, Milena, 1954-